| 000 | 03185nam a2200301 a 4500 | ||
|---|---|---|---|
| 001 | 000112419 | ||
| 003 | CHAP | ||
| 005 | 20251023110411.0 | ||
| 008 | 160315s2016 mx |rm |0|||||spa d | ||
| 010 | _a108880 | ||
| 011 | _a109852 | ||
| 040 | _cCHAP | ||
| 090 | _aTesis | ||
| 100 | 0 | 0 | _aLópez Cerino, Rafael |
| 245 | 1 | 3 |
_aLa promoción global de los biocombustibles : _bla alianza entre estados y corporaciones / _cpor Rafael López Cerino; director Edit Antal. |
| 264 | 1 |
_aUNAM. Méx. : _bEl autor, _c2016. |
|
| 300 | _a185 p. | ||
| 502 |
_bDoctor en Ciencias Políticas y Sociales. _cUniversidad Nacional Autónoma de México. Programa de Posgrado en Ciencias Políticas y Sociales _d2016. |
||
| 520 | _aLa idea fundamental de la investigación fue analizar la promoción global de los biocombustibles¹ con énfasis en la alianza entre los Estados y las corporaciones durante el periodo 2000-2010. Рara entender la relación Estados-corporaciones y el aumento en la producción y el consumo del biocombustible se parte de que dicha promoción tuvo diferentes fases durante el periodo de estudio. La Fase 1 se refiere a la promoción de los biocombustibles en el mundo por medio de varias iniciativas de diferentes organismos internacionales, BM, ONU-FAO, FMI, OCDE, OMC y la UE, entre otros) apoyados por ONG y sectores industriales. Esta fase inició a partir del año 2000 y culminó en el 2007, año que "coincide" con el incremento del interés de EEUU y la UE por los biocombustibles como sustituto del petróleo2 y como instrumento de apoyo al sector rural a través de subsidios, además de ser una forma de reducir los Gases de Efecto Invernadero (GEI) para mitigar el cambio climático. La fase 2 comprendió la crisis alimentaria 2007-2008, producto del alza de los precios en los alimentos y la advertencia de grupos ecológicos que ligaban los biocombustibles con la deforestación de ciertos hábitats. Factores que hicieron retroceder a varios países y organismos internacionales en la promoción de biocombustibles3. La Fase 3 abarcó el periodo de 2008 y 2010. Debido al cuestionamiento sobre si los biocombustibles eran los causantes de la crisis alimentaria, hubo una polarización en el tema entre actores estatales y no estatales y surgieron alianzas estratégicas entre los promotores y detractores. A pesar de los contra discursos y críticas por parte de la comunidad científica y la mayoría de las ONG medioambientalistas, la promoción de los biocombustibles continuó a nivel global. La explicación de por qué se establecieron alianzas entre Estados y corporaciones para continuar la promoción de los biocombustibles a nivel global, a pesar de los continuos cuestionamientos sobre su viabilidad ecológica, social y económica es el centro de la presente investigación. | ||
| 590 |
_aBATCH-UPD _b05 _c20160315 |
||
| 590 |
_aE5765TAJ _b05 _c20160315 |
||
| 650 | 1 | 4 |
_aBiocombustibles _xAspectos económicos. |
| 650 | 1 | 4 |
_aBiocombustibles _xIndustria. |
| 650 | 1 | 4 |
_aBiocombustibles _xMercadeo. |
| 856 | 4 | 2 |
_uhttp://10.13.5.2/tesis/109852.pdf _yDESCARGAR PDF |
| 901 | _aBK | ||
| 942 |
_cTesis _2Clasificación Universidad Autónoma Chapingo |
||
| 999 |
_c108880 _d108880 |
||